000 00663nam a2200205Ia 4500
003 GCL
008 140319s9999 xx 000 0 ara d
040 _aGCL /
_cGCL
082 0 4 _aد
_b050
100 1 _aمصطفى ابراهيم فهمى
245 1 0 _aعلم الاحياء والايديولوجيا الطبيعية البشرية (عالم المعرفة 148) /
_cمصطفى ابراهيم فهمى
700 1 _aمحمد عصفور
700 1 _aروز، ستيفن
300 _a340 ص
490 _aعالم المعرفة
_v0
650 0 4 _aالوراثة
650 0 4 _aالتاريخ الطبيعى
650 0 4 _aالاحياء
942 _2ddc
_cBK
999 _c45080
_d45080